Futures & Options : Equities - Trading Strategies & Skills (Record no. 96244)

MARC details
000 -LEADER
fixed length control field 00648nam a2200229Ia 4500
005 - DATE AND TIME OF LATEST TRANSACTION
control field 20230418162414.0
008 - FIXED-LENGTH DATA ELEMENTS--GENERAL INFORMATION
fixed length control field 230125s9999 xx 000 0 und d
020 ## - INTERNATIONAL STANDARD BOOK NUMBER
International Standard Book Number 978935023296
041 ## - LANGUAGE CODE
Language code of text/sound track or separate title eng
082 ## - DEWEY DECIMAL CLASSIFICATION NUMBER
Classification number 658.152
Item number SRI
100 ## - MAIN ENTRY--PERSONAL NAME
Author Sridhar A N
245 ## - TITLE STATEMENT
Title Futures & Options : Equities - Trading Strategies & Skills
250 ## - EDITION STATEMENT
Edition statement 4th Ed.
260 ## - PUBLICATION, DISTRIBUTION, ETC.
Date of publication, distribution, etc. 2019
Name of publisher, distributor, etc. Shroff publisher and distributors
Place of publication, distribution, etc. Mumbai
300 ## - PHYSICAL DESCRIPTION
Extent 373p
500 ## - GENERAL NOTE
Keywords Options futures and other derivatives
650 ## - SUBJECT ADDED ENTRY--TOPICAL TERM
Topical term or geographic name entry element Options futures and other derivatives
700 ## - ADDED ENTRY--PERSONAL NAME
Personal name Sridhar A N
942 ## - ADDED ENTRY ELEMENTS (KOHA)
Koha item type Books
906 ## - LOCAL DATA ELEMENT F, LDF (RLIN)
b 217
Holdings
Withdrawn status Lost status Damaged status Not for loan Home library Current library Date acquired Vendor Net Price Bill number Total Checkouts Full call number Barcode Date last seen Actual Price Bill Date Koha item type Original Barcode
        Smt. Hiraben Nanavati Institute of Management & Research for Women Smt. Hiraben Nanavati Institute of Management & Research for Women 07/01/2020 Forward Books 775.00 11164   658.152 SRI B19538 HIMR-BK-19538 25/01/2023 558.00 25/01/2023 Books B19538
        Smt. Hiraben Nanavati Institute of Management & Research for Women Smt. Hiraben Nanavati Institute of Management & Research for Women 07/01/2020 Forward Books 775.00 11164   658.152 SRI B19539 HIMR-BK-19539 25/01/2023 558.00 25/01/2023 Books B19539